000 00967nam a2200229 4500
005 20260211120857.0
008 260211b |||||||| |||| 00| 0 eng d
020 _a9788197287336 (hbk)
037 _cTB
040 _aCRL
_cCRL
041 _2hin
_ahin
084 _aNT 152R5
_qCRL
100 _aनारायण, वीरेन्द्र
_91115129
245 _aरंगकर्म
260 _aनई दिल्ली, भारत:
_bराष्ट्रीय नाट्य विद्यालय,
_c2025.
300 _a229पृ.
365 _b300.00
_cINR
650 _aललित कला
_91115130
650 _aथिएटर
_91115131
942 _2CC
_n0
_cTB
_hNT 152R5
999 _c1679259
_d1679259